LIBRARY & INFORMATION CENTRE, KCAET, TAVANUR

ONLINE PUBLIC ACCESS CATALOGUE (OPAC)

Mechanical science: Engineering thermodynamics and fluid mechanics / (Record no. 13195)

MARC details
000 -LEADER
fixed length control field 00504cam a2200169ua 4500
041 ## - LANGUAGE CODE
Language code of text/sound track or separate title eng
082 ## - DEWEY DECIMAL CLASSIFICATION NUMBER
Classification number 621.402
Item number PAU/Me
100 ## - MAIN ENTRY--AUTHOR NAME
Personal name Paul, Akshay Ranjan .
245 ## - TITLE STATEMENT
Title Mechanical science: Engineering thermodynamics and fluid mechanics /
260 ## - PUBLICATION, DISTRIBUTION, ETC. (IMPRINT)
Place of publication New Delhi :
Name of publisher Prentice Hall of India Pvt Ltd. ,
Year of publication 2005.
300 ## - PHYSICAL DESCRIPTION
Number of Pages 580 ; .
700 1# - ADDED ENTRY--PERSONAL NAME
Personal name Mukherjee, Sanchayan .
700 1# - ADDED ENTRY--PERSONAL NAME
Personal name Roy, Pijush .
942 ## - ADDED ENTRY ELEMENTS (KOHA)
Koha item type Books
Holdings
Withdrawn status Lost status Damaged status Home library Current library Date acquired Full call number Accession Number Koha item type
      KAUAET KAUAET 07/04/2012 621.402 21571 Books
free website counter